| 000 | 00438nam a2200193Ia 4500 | ||
|---|---|---|---|
| 005 | 20250603145134.0 | ||
| 008 | 250603s9999 xx 000 0 und d | ||
| 020 | _a9781119377207 | ||
| 050 | _aNA 2850 .C45/ | ||
| 100 | _aChing, Francis D. K | ||
| 245 | 0 | _aInterior design illustrated | |
| 250 | _a4th ed. | ||
| 260 | _aNew Jersey | ||
| 260 | _bWiley | ||
| 260 | _c2018 | ||
| 300 | _a94 p | ||
| 650 | _aNew Jersey | ||
| 942 | _cBK | ||
| 999 |
_c40989 _d40989 |
||